| 000 | 02463cam a22003374a 4500 | ||
|---|---|---|---|
| 999 |
_c17361 _d17361 |
||
| 001 | 15464701 | ||
| 005 | 20161123144739.0 | ||
| 008 | 080925s2009 txuab bc 001 0 eng | ||
| 010 | _a 2008042384 | ||
| 020 | _a9780300146967 (hardcover : alk. paper) | ||
| 040 |
_aDLC _cDLC _dDLC |
||
| 043 | _aa-vt--- | ||
| 050 | 0 | 0 |
_aN7314.T46 2009 _b.T46 2009 |
| 082 | 0 | 0 | _222 |
| 100 | 1 |
_aTingley, Nancy, _d1948- |
|
| 245 | 1 | 0 |
_aArts of ancient Viet Nam : _bfrom river plain to open sea / _cNancy Tingley ; with essays by Andreas Reinecke ... [et al.]. |
| 260 |
_aHouston : _bAsia Society and The Museum of Fine Arts, Houston ; _aNew Haven : _bDistributed by Yale University Press, _cc2009. |
||
| 300 |
_axi, 356 p. : _bcol. ill., col. map ; _c30 cm. |
||
| 500 | _aPublished to accompany an exhibition held at the Museum of Fine Arts, Houston, Sept. 13, 2009-Jan. 3, 2010, and Asia Society and Museum, Feb. 3-May 2, 2010. | ||
| 504 | _aIncludes bibliographical references and index. | ||
| 505 | 0 | _aIntroduction / Nancy Tingley -- Early cultures (first millennium B.C. to second century A.D.) / Andreas Reinecke -- Catalogue / Nancy Tingley -- The archaeology of Fu Nan in the Mekong River Delta : the Oc Eo culture of Viet Nam / Pierre-Yves Manguin -- Catalogue / Nancy Tingley -- Champa : Riverine polities, ports of call / Nancy Tingley -- Catalogue / Nancy Tingley -- Trade and exchange in the sixteenth-eighteenth centuries through the prism of Hoi An / Kerry Nguyen-Long -- Catalogue / Nancy Tingley -- Appendix. Ceramics from shipwrecks off Viet Nam / Nguyen Dinh Chien. | |
| 520 | _a"Explores Viet Nam's rich heritage, from the Sa Huynh culture (1st millennium B.C.) to art from Hoi An. The authors discuss links between Viet Nam and Indonesia, reflected in the Hindu and Buddhist temples and stone sculptures, and investigate trade in gold and Chinese ceramics with Butuan"--Provided by publisher. | ||
| 650 | 0 |
_aArt, Vietnamese _vExhibitions. |
|
| 651 | 0 |
_aVietnam _xAntiquities _vExhibitions. |
|
| 700 | 1 | _aReinecke, Andreas. | |
| 710 | 2 |
_aAsia Society. _bMuseum. |
|
| 710 | 2 | _aMuseum of Fine Arts, Houston. | |
| 906 |
_a7 _bcbc _corignew _d1 _eecip _f20 _gy-gencatlg |
||
| 942 |
_2lcc _cBOOKS _hN7314.T46 2009 |
||